00650nam a2200205 i 450000100060000000300090000600500170001500700030003200800410003508000070007610000220008324500460010525000260015126000480017730000330022565000290025885200200028799900170030795201200032452048ES-MaACL20250814015820.0t|030825s1911 fr ||||1| fre d a581 aChodat, R.93858510aPrincipes de botanique / cpar R. Chodat. a2eme ed. rev. et aug. aParis : bJ.B. Baillière et Fils, c1911. aX, 842 p. : bil. ; c24 cm. 7aBotánica2embne9106104 aES-MaACLjD-566 c52048d52048 00104070aATENEOMbATENEOMcSVId2008-01-17eSCl0oD-566p901054723r2023-02-23 00:00:00w2023-02-23yMONOGRAFIA